Digest of Manufactures.

Bibliographic Details
Corporate Authors: United States. Department of the Treasury, ProQuest (Firm)
Format: eBook
Language:English
Published: Washington : [publisher not identified], 1814.
Series:United States congressional serial set.
Subjects:
Online Access:Connect to the full text of this electronic book

MARC

Tag First Indicator Second Indicator Subfields
LEADER 00000cam a22000001a 4500
001 in00002814913
005 20190331183234.0
006 m o d
007 cr un mmmapmmp
008 090105s1814 dcud o f000 0 eng d
035 |a cis2004311916 
040 |a UMI  |c UMI  |d UtOrBLW 
043 |a n-us--- 
099 |a ProQuest Serial Set Number ASP010 Fin.407/1 
110 1 |a United States.  |b Department of the Treasury. 
245 1 0 |a Digest of Manufactures. 
246 1 |a Digest of manufactures, pt. 1: Contribution of manufactures to agriculture, commerce, navigation, and fisheries 
264 1 |a Washington :  |b [publisher not identified],  |c 1814. 
300 |a 1 online resource. 
336 |a text  |b txt  |2 rdacontent 
337 |a computer  |b c  |2 rdamedia 
338 |a online resource  |b cr  |2 rdacarrier 
490 0 |a Fin.407/1 
500 |a Record is based on bibliographic data in ProQuest U.S. Serial Set Digital Collection (last viewed Jan. 2009). Reuse except for individual research requires license from ProQuest, LLC. 
510 3 |a ProQuest U.S. Serial Set Digital Collection 
500 |a Electronic resource. 
650 0 |a Agriculture. 
650 0 |a Fisheries. 
650 0 |a Interstate commerce. 
655 7 |a Electronic books.  |2 local 
710 2 |a ProQuest (Firm) 
830 0 |a United States congressional serial set. 
856 4 0 |u http://proxy.library.tamu.edu/login?url=http://congressional.proquest.com/congcomp/getdoc?SERIAL-SET-ID=ASP010+Fin.407/1  |z Connect to the full text of this electronic book  |t 0 
999 |a MARS 
999 f f |s 3aa5909f-c7c3-311e-946f-187b63f28522  |i 745a263d-ee02-3d08-88b4-61e5c2896147  |t 0 
952 f f |a Texas A&M University  |b College Station  |c Electronic Resources  |d Available Online  |t 0  |e ProQuest Serial Set Number ASP010 Fin.407/1  |h Other scheme 
998 f f |a ProQuest Serial Set Number ASP010 Fin.407/1  |t 0  |l Available Online